000 01385cam a2200325 a 4500
999 _c17530
_d17530
001 2113245
005 20161128085145.0
008 960405s1996 nyua bf 000 0 eng
010 _a 96134409
020 _a0590251082
040 _aDLC
_cDLC
_dDLC
043 _an-us---
050 0 0 _aLC4713.4.P45 1996
_b.P45 1996
082 0 0 _220
100 1 _aPfiffner, Linda Jo.
245 1 0 _aAll about ADHD :
_bthe complete practical guide for classroom teachers /
_cby Linda J. Pfiffner ; [illustrations by James Graham Hale].
260 _aNew York :
_bScholastic Professional Books,
_cc1996.
300 _a173 p. :
_bill. ;
_c23 cm.
440 0 _aTeaching strategies
504 _aIncludes bibliographical references (p. 170-172).
650 0 _aAttention-deficit-disordered children
_xEducation
_zUnited States
_xHandbooks, manuals, etc.
650 0 _aHyperactive children
_xEducation
_zUnited States
_xHandbooks, manuals, etc.
650 0 _aProblem children
_xBehavior modification
_zUnited States
_xHandbooks, manuals, etc.
650 0 _aClassroom management
_zUnited States
_xHandbooks, manuals, etc.
906 _a7
_bcbc
_corignew
_d2
_encip
_f19
_gy-gencatlg
942 _2lcc
_cBOOKS
_hLC4713.4.P45 1996